[Event "Winnipeg TNT June op"]
[Site "Winnipeg CAN"]
[Date "2009.06.16"]
[Round "3"]
[White "Nikouline, Alexandre"]
[Black "Kernetsky, Myron"]
[Result "0-1"]
[WhiteElo "2148"]
[BlackElo "1981"]
[PlyCount "88"]
[GameId "2160767910156547"]
[EventDate "2009.06.02"]
[EventType "swiss"]
[EventRounds "4"]
[EventCountry "CAN"]
[SourceTitle "EXT 2011"]
[Source "ChessBase"]
[SourceDate "2011.11.26"]
[SourceVersion "1"]
[SourceVersionDate "2011.11.26"]
[SourceQuality "1"]

1. e4 e6 2. d4 d5 3. Nc3 Nf6 4. e5 Nfd7 5. f4 c5 6. Nf3 Nc6 7. Be3 a6 8. Be2 Be7 9. O-O b5 10. Qd2 Qb6 11. f5 cxd4 12. Nxd4 Nxd4 13. fxe6 Nxe2+ 14. Nxe2 Qxe6 15. Nf4 Qxe5 16. Bd4 Qxd4+ 17. Qxd4 Bc5 18. Rae1+ Kd8 19. Qxc5 Nxc5 20. Nxd5 Be6 21. Rd1 Nd7 22. a4 Re8 23. Rd4 Bxd5 24. Rxd5 Re5 25. Rd4 f6 26. Rfd1 Ra7 27. axb5 axb5 28. b3 Ke7 29. c4 bxc4 30. Rxc4 Rb5 31. Rg4 Kf7 32. Rg3 Rab7 33. Rd4 Ne5 34. Rh3 h6 35. Rc3 Rxb3 36. Rxb3 Rxb3 37. h3 h5 38. Ra4 g5 39. Kf1 h4 40. Kg1 Rb2 41. Ra7+ Kg6 42. Ra3 Rd2 43. Ra6 Nd3 44. Rd6 Rd1+ 0-1

[Event "Winnipeg TNT June op"]
[Site "Winnipeg CAN"]
[Date "2009.06.16"]
[Round "3"]
[White "Pang, Michael"]
[Black "Lipic, Stephen"]
[Result "1-0"]
[WhiteElo "1570"]
[BlackElo "1738"]
[PlyCount "51"]
[GameId "2160767910156548"]
[EventDate "2009.06.02"]
[EventType "swiss"]
[EventRounds "4"]
[EventCountry "CAN"]
[SourceTitle "EXT 2011"]
[Source "ChessBase"]
[SourceDate "2011.11.26"]
[SourceVersion "1"]
[SourceVersionDate "2011.11.26"]
[SourceQuality "1"]

1. e4 c6 2. d4 Na6 3. Bxa6 Qa5+ 4. Nc3 Qxa6 5. Nf3 g6 6. Qe2 Qxe2+ 7. Kxe2 Bg7 8. Bf4 d6 9. h3 Nf6 10. Rad1 Nh5 11. Be3 b6 12. e5 O-O 13. g4 Nf6 14. exf6 exf6 15. Kf1 Bb7 16. d5 c5 17. Bf4 Rfd8 18. Ne4 Ba6+ 19. Kg2 f5 20. gxf5 Bxb2 21. Nxd6 Rd7 22. fxg6 hxg6 23. Ne4 Bc4 24. Be5 Bxe5 25. Nxe5 Rxd5 26. Nf6+ 1-0

[Event "Winnipeg TNT June op"]
[Site "Winnipeg CAN"]
[Date "2009.06.16"]
[Round "3"]
[White "Swift, Ryne"]
[Black "Evans, Brian"]
[Result "1-0"]
[WhiteElo "1728"]
[BlackElo "1596"]
[PlyCount "59"]
[GameId "2160767910156549"]
[EventDate "2009.06.02"]
[EventType "swiss"]
[EventRounds "4"]
[EventCountry "CAN"]
[SourceTitle "EXT 2011"]
[Source "ChessBase"]
[SourceDate "2011.11.26"]
[SourceVersion "1"]
[SourceVersionDate "2011.11.26"]
[SourceQuality "1"]

1. e4 c5 2. Nf3 d6 3. d4 cxd4 4. Nxd4 Nf6 5. Nc3 a6 6. f3 e6 7. Be3 Be7 8. Qd2 O-O 9. O-O-O Qc7 10. g4 Rd8 11. h4 d5 12. g5 Nh5 13. exd5 exd5 14. Kb1 Nc6 15. Nb3 d4 16. Nxd4 Nxd4 17. Bxd4 Ng3 18. Rg1 Bc5 19. Qf2 Nxf1 20. Bxc5 Rxd1+ 21. Nxd1 Bh3 22. Bd4 Qf4 23. Bc3 Rd8 24. Qe2 Qxh4 25. Ba5 Rc8 26. Nc3 Qc4 27. Qxc4 Rxc4 28. Ne4 Rd4 29. Kc1 Ne3 30. Bb6 1-0

[Event "Winnipeg TNT June op"]
[Site "Winnipeg CAN"]
[Date "2009.06.16"]
[Round "3"]
[White "Trinidad, Kris"]
[Black "Rutter, Blair"]
[Result "0-1"]
[WhiteElo "1578"]
[BlackElo "1829"]
[PlyCount "72"]
[GameId "2160767910156550"]
[EventDate "2009.06.02"]
[EventType "swiss"]
[EventRounds "4"]
[EventCountry "CAN"]
[SourceTitle "EXT 2011"]
[Source "ChessBase"]
[SourceDate "2011.11.26"]
[SourceVersion "1"]
[SourceVersionDate "2011.11.26"]
[SourceQuality "1"]

1. e4 e6 2. d4 d5 3. Nc3 Nf6 4. e5 Nfd7 5. Nf3 c5 6. Be3 Nc6 7. Be2 Be7 8. O-O O-O 9. a3 a6 10. dxc5 Ndxe5 11. Nd4 Ng6 12. f4 Bxc5 13. Kh1 Bxd4 14. Bxd4 Nxd4 15. Qxd4 f5 16. Rae1 Qd6 17. h3 Bd7 18. Bh5 Rf6 19. Re3 Raf8 20. Rg3 Ne7 21. Re1 Nc6 22. Qa4 d4 23. Ne2 e5 24. fxe5 Qxe5 25. Qb3+ Be6 26. Qxb7 Bf7 27. Bxf7+ R8xf7 28. Qxa6 Ne7 29. Qd3 f4 30. Rf3 Nf5 31. Kg1 Nh4 32. Qxd4 Nxf3+ 33. gxf3 Qh5 34. Kg2 Rg6+ 35. Kh2 Qxf3 36. Qd8+ Rf8 0-1

[Event "Winnipeg TNT June op"]
[Site "Winnipeg CAN"]
[Date "2009.06.23"]
[Round "4"]
[White "Campbell, Gary"]
[Black "Mundwiler, Les"]
[Result "0-1"]
[WhiteElo "1640"]
[BlackElo "2017"]
[PlyCount "64"]
[GameId "2160767910156551"]
[EventDate "2009.06.02"]
[EventType "swiss"]
[EventRounds "4"]
[EventCountry "CAN"]
[SourceTitle "EXT 2011"]
[Source "ChessBase"]
[SourceDate "2011.11.26"]
[SourceVersion "1"]
[SourceVersionDate "2011.11.26"]
[SourceQuality "1"]

1. d4 Nf6 2. c4 d6 3. Nc3 Nbd7 4. e4 e5 5. Nf3 c6 6. Be2 Qc7 7. O-O h6 8. Qc2 a6 9. a4 a5 10. h3 Be7 11. Be3 g5 12. Nh2 Nf8 13. Ng4 Nxg4 14. Bxg4 Bxg4 15. hxg4 h5 16. gxh5 Rxh5 17. Qe2 Rh7 18. Qg4 Qd7 19. Qxd7+ Nxd7 20. Ne2 O-O-O 21. f3 g4 22. fxg4 Rg8 23. g5 Bxg5 24. Bxg5 Rxg5 25. Rf5 Rg4 26. dxe5 Nxe5 27. c5 Nc4 28. Rf3 Rxe4 29. Nc3 Reh4 30. Rd1 d5 31. b3 Ne5 32. Rf5 Ng4 0-1

[Event "Winnipeg TNT June op"]
[Site "Winnipeg CAN"]
[Date "2009.06.23"]
[Round "4"]
[White "Czypinski, Jaroslaw"]
[Black "Milord, Frank"]
[Result "1-0"]
[WhiteElo "1890"]
[BlackElo "1591"]
[PlyCount "70"]
[GameId "2160767910156552"]
[EventDate "2009.06.02"]
[EventType "swiss"]
[EventRounds "4"]
[EventCountry "CAN"]
[SourceTitle "EXT 2011"]
[Source "ChessBase"]
[SourceDate "2011.11.26"]
[SourceVersion "1"]
[SourceVersionDate "2011.11.26"]
[SourceQuality "1"]

1. d4 d5 2. Nf3 c6 3. e3 Nf6 4. Bd3 Bg4 5. Nbd2 Nbd7 6. h3 Bh5 7. c4 e6 8. Qb3 Qb6 9. Qxb6 axb6 10. cxd5 exd5 11. a3 Bg6 12. Ke2 Bd6 13. Nh4 Ne4 14. Nxg6 Nxd2 15. Bxd2 hxg6 16. e4 dxe4 17. Bxe4 f5 18. Bd3 Ra4 19. Bc3 Kf7 20. Bc2 Re8+ 21. Kf3 Raa8 22. Rhe1 Nf6 23. Rxe8 Rxe8 24. Re1 Rxe1 25. Bxe1 Nd5 26. Bb3 Ke6 27. Bc3 b5 28. Ke2 f4 29. Kf3 Kf5 30. Bxd5 cxd5 31. g3 g5 32. Bd2 b6 33. Be1 Be7 34. Bd2 Bd6 35. Bc1 Be7 1-0

[Event "Winnipeg TNT June op"]
[Site "Winnipeg CAN"]
[Date "2009.06.23"]
[Round "4"]
[White "Evans, Brian"]
[Black "Green, Aaron"]
[Result "0-1"]
[WhiteElo "1596"]
[BlackElo "1830"]
[PlyCount "102"]
[GameId "2160767910156553"]
[EventDate "2009.06.02"]
[EventType "swiss"]
[EventRounds "4"]
[EventCountry "CAN"]
[SourceTitle "EXT 2011"]
[Source "ChessBase"]
[SourceDate "2011.11.26"]
[SourceVersion "1"]
[SourceVersionDate "2011.11.26"]
[SourceQuality "1"]

1. e4 c5 2. Nf3 d6 3. d4 cxd4 4. Nxd4 Nf6 5. Nc3 g6 6. Be3 Bg7 7. Qd2 Ng4 8. Bb5+ Bd7 9. Bxd7+ Qxd7 10. f3 Nxe3 11. Qxe3 Nc6 12. Nce2 O-O 13. c3 Ne5 14. b3 Rfc8 15. O-O Nc6 16. Rfc1 a6 17. Nxc6 Qxc6 18. Rc2 b5 19. Rac1 Qc5 20. Qxc5 Rxc5 21. f4 Rac8 22. g3 h5 23. h4 Bf6 24. Kf2 Kf8 25. Ke3 Bg7 26. Kd3 e6 27. Rg1 Ke7 28. g4 Bf6 29. g5 Bg7 30. Rf1 d5 31. e5 Bf8 32. Nd4 Ke8 33. Rfc1 Be7 34. c4 bxc4+ 35. bxc4 dxc4+ 36. Rxc4 Kd7 37. Rxc5 Bxc5 38. Nb3 Bf2 39. Rxc8 Kxc8 40. Na5 Bxh4 41. Nc4 Kd8 42. Nd6 Ke7 43. Ne4 Be1 44. Ke2 Bb4 45. Kf3 Kd8 46. Nf2 Kc7 47. Nd3 Be7 48. Ne1 Kc6 49. Ke3 Kd5 50. Ng2 Bc5+ 51. Kd3 Bf2 0-1

[Event "Winnipeg TNT June op"]
[Site "Winnipeg CAN"]
[Date "2009.06.23"]
[Round "4"]
[White "Greenberg, Harley"]
[Black "Boron, Anthony"]
[Result "0-1"]
[WhiteElo "1744"]
[BlackElo "1957"]
[PlyCount "92"]
[GameId "2160767910156554"]
[EventDate "2009.06.02"]
[EventType "swiss"]
[EventRounds "4"]
[EventCountry "CAN"]
[SourceTitle "EXT 2011"]
[Source "ChessBase"]
[SourceDate "2011.11.26"]
[SourceVersion "1"]
[SourceVersionDate "2011.11.26"]
[SourceQuality "1"]

1. e4 c5 2. Nf3 e6 3. d4 cxd4 4. Nxd4 Nf6 5. Bd3 Nc6 6. Nxc6 dxc6 7. O-O e5 8. Nd2 Bg4 9. Qe1 Qc7 10. Nc4 b5 11. Ne3 Bd7 12. Nf5 g6 13. Bg5 Ng8 14. Nh4 Be7 15. Bxe7 Nxe7 16. Qc3 Rb8 17. f4 Qb6+ 18. Kh1 Qd4 19. fxe5 Qxc3 20. bxc3 c5 21. Rab1 O-O 22. Rfd1 Bc6 23. c4 bxc4 24. Bxc4 Bxe4 25. Bd3 Bd5 26. c4 Be6 27. Nf3 Rfd8 28. Be2 Bf5 29. Rxd8+ Rxd8 30. Rd1 Rb8 31. Kg1 Rb2 32. Rd2 Rb1+ 33. Kf2 Nc6 34. Ke3 Rc1 35. Bd3 Bg4 36. Kf4 Bxf3 37. gxf3 Nd4 38. Ke4 Re1+ 39. Kd5 Nxf3 40. Re2 Rd1 41. Re3 Ne1 42. Ke4 Kf8 43. Rg3 Nxd3 44. Kd5 Ke7 45. h4 Nf2+ 46. Kxc5 Ne4+ 0-1

[Event "Winnipeg TNT June op"]
[Site "Winnipeg CAN"]
[Date "2009.06.23"]
[Round "4"]
[White "Kaptsan, Aron"]
[Black "Pang, Michael"]
[Result "1-0"]
[WhiteElo "2052"]
[BlackElo "1570"]
[PlyCount "113"]
[GameId "2160767910156555"]
[EventDate "2009.06.02"]
[EventType "swiss"]
[EventRounds "4"]
[EventCountry "CAN"]
[SourceTitle "EXT 2011"]
[Source "ChessBase"]
[SourceDate "2011.11.26"]
[SourceVersion "1"]
[SourceVersionDate "2011.11.26"]
[SourceQuality "1"]

1. d4 d5 2. c4 c6 3. Nf3 Nf6 4. Nc3 g6 5. Bf4 Bg7 6. e3 O-O 7. h3 Nbd7 8. Bd3 e6 9. O-O h6 10. Qc2 dxc4 11. Bxc4 Nb6 12. Be2 Nbd5 13. Bh2 Re8 14. Rfd1 Bd7 15. a3 Rc8 16. e4 Nxc3 17. bxc3 c5 18. d5 exd5 19. e5 Bf5 20. Qb3 Ne4 21. Rxd5 Be6 22. Bc4 Qb6 23. Qc2 Bxd5 24. Bxd5 Nxf2 25. Kxf2 c4+ 26. Kf1 Qb5 27. Be4 Qb3 28. Qc1 b6 29. Rb1 Qa4 30. Rb4 Qd7 31. a4 Red8 32. Nd4 Bf8 33. Rb5 Bc5 34. e6 fxe6 35. Qxh6 Bxd4 36. cxd4 Qf7+ 37. Kg1 Rxd4 38. Be5 Rd1+ 39. Kh2 Qh7 40. Qe3 c3 41. Bxc3 Qc7+ 42. Be5 Qf7 43. Bf3 Rd7 44. Be4 Rc4 45. Bb2 Rxa4 46. Rg5 Kf8 47. Bxg6 Qf4+ 48. Qxf4+ Rxf4 49. Ba3+ Kg7 50. Be8+ Kf6 51. Rg6+ Kf5 52. g4+ Ke4 53. Bxd7 Rf2+ 54. Kg1 Ra2 55. Rxe6+ Kf3 56. Bc6+ Kg3 57. Re3+ 1-0

[Event "Winnipeg TNT June op"]
[Site "Winnipeg CAN"]
[Date "2009.06.23"]
[Round "4"]
[White "Keer, Keer"]
[Black "Czarny, Keith"]
[Result "0-1"]
[WhiteElo "1406"]
[BlackElo "1634"]
[PlyCount "168"]
[GameId "2160767910156556"]
[EventDate "2009.06.02"]
[EventType "swiss"]
[EventRounds "4"]
[EventCountry "CAN"]
[SourceTitle "EXT 2011"]
[Source "ChessBase"]
[SourceDate "2011.11.26"]
[SourceVersion "1"]
[SourceVersionDate "2011.11.26"]
[SourceQuality "1"]

1. e4 e6 2. d3 d5 3. exd5 exd5 4. Be2 Nf6 5. Be3 Bd6 6. Nf3 O-O 7. O-O Ng4 8. Bg5 Qd7 9. h3 Ne5 10. Nc3 c6 11. a3 Nxf3+ 12. Bxf3 Qf5 13. Qd2 h6 14. Be3 Nd7 15. d4 Nb6 16. b3 Qf6 17. Be2 Qe7 18. Bd3 f5 19. Rfe1 Qf6 20. Bf4 Bxf4 21. Qxf4 Bd7 22. Ne2 Rf7 23. Ng3 g5 24. Qc7 Qxd4 25. Qxb7 Qh4 26. Qc7 f4 27. Nh1 f3 28. Qg3 fxg2 29. Kxg2 Raf8 30. Qxh4 gxh4 31. Re3 d4 32. Re4 Rf4 33. Rae1 c5 34. a4 Bc6 35. a5 Nd7 36. Kf1 Bxe4 37. Rxe4 Rxe4 38. Bxe4 Nf6 39. Bd3 Kg7 40. f3 Nd5 41. Kf2 Nf4 42. Be4 Nxh3+ 43. Ke2 Nf4+ 44. Kd2 Kf6 45. Nf2 h5 46. Bb7 Re8 47. Ne4+ Rxe4 48. fxe4 h3 49. Ke1 h2 50. e5+ Kxe5 51. Bh1 h4 52. Kf2 d3 53. cxd3 Nxd3+ 54. Kg2 Nc1 55. Kxh2 Nxb3 56. a6 c4 57. Bf3 c3 58. Bd1 Nd4 59. Kh3 c2 60. Bxc2 Nxc2 61. Kxh4 Nb4 62. Kg3 Kd4 63. Kf3 Kd3 64. Kf4 Nxa6 65. Ke5 Nb4 66. Kd6 a5 67. Kc5 Kc3 68. Kb5 Nc6 69. Ka4 Kc4 70. Ka3 Kb5 71. Kb3 Ne5 72. Ka3 a4 73. Ka2 Kb4 74. Kb2 Nc6 75. Ka2 Na5 76. Kb2 Nb3 77. Ka2 Nd4 78. Kb2 Nb5 79. Ka2 Kc3 80. Kb1 Kb3 81. Ka1 Nd4 82. Kb1 a3 83. Ka1 Nc2+ 84. Kb1 a2+ 0-1

[Event "Winnipeg TNT June op"]
[Site "Winnipeg CAN"]
[Date "2009.06.23"]
[Round "4"]
[White "Kernetsky, Myron"]
[Black "Vincent, Trevor"]
[Result "0-1"]
[WhiteElo "1981"]
[BlackElo "2266"]
[PlyCount "86"]
[GameId "2160767910156557"]
[EventDate "2009.06.02"]
[EventType "swiss"]
[EventRounds "4"]
[EventCountry "CAN"]
[SourceTitle "EXT 2011"]
[Source "ChessBase"]
[SourceDate "2011.11.26"]
[SourceVersion "1"]
[SourceVersionDate "2011.11.26"]
[SourceQuality "1"]

1. d4 f5 2. c4 Nf6 3. Nf3 e6 4. g3 d5 5. Bg2 c6 6. b3 Bd6 7. O-O Qe7 8. Bb2 b6 9. Nbd2 Bb7 10. Ne5 O-O 11. Rc1 a5 12. Nd3 Na6 13. a4 Rac8 14. Nf3 Ne4 15. Nfe5 c5 16. e3 Rc7 17. Qe2 Rfc8 18. Rfd1 Qe8 19. f3 Nf6 20. Qe1 Nb4 21. Qd2 Nxd3 22. Qxd3 Ba6 23. Qd2 cxd4 24. Bxd4 Ba3 25. Rc2 Bb4 26. Qc1 dxc4 27. Bf1 b5 28. axb5 Bxb5 29. Bxc4 Nd5 30. e4 fxe4 31. fxe4 a4 32. exd5 axb3 33. Bxb3 Rxc2 34. Bxc2 Ba4 35. Bxa4 Rxc1 36. Bxe8 Rxd1+ 37. Kg2 Rxd4 38. Bf7+ Kf8 39. Bxe6 Bd6 40. Nf3 Rb4 41. h4 Rb3 42. g4 Rb2+ 43. Kh3 Rf2 0-1

[Event "Winnipeg TNT June op"]
[Site "Winnipeg CAN"]
[Date "2009.06.23"]
[Round "4"]
[White "Lipic, Stephen"]
[Black "Trinidad, Kris"]
[Result "1-0"]
[WhiteElo "1738"]
[BlackElo "1578"]
[PlyCount "107"]
[GameId "2160767910156558"]
[EventDate "2009.06.02"]
[EventType "swiss"]
[EventRounds "4"]
[EventCountry "CAN"]
[SourceTitle "EXT 2011"]
[Source "ChessBase"]
[SourceDate "2011.11.26"]
[SourceVersion "1"]
[SourceVersionDate "2011.11.26"]
[SourceQuality "1"]

1. f4 d5 2. Nf3 Nf6 3. e3 Nc6 4. d4 e6 5. c3 Be7 6. Bd3 O-O 7. O-O Bd7 8. Qe1 Re8 9. Nbd2 Na5 10. Ne5 c5 11. Ndf3 h6 12. e4 c4 13. Bc2 Nh7 14. Qg3 f5 15. exf5 exf5 16. Nxd7 Qxd7 17. Ne5 Qc8 18. Qg6 Rf8 19. g4 Rf6 20. Qh5 fxg4 21. Bg6 Nf8 22. Bf7+ Kh7 23. Bxd5 g6 24. Qxg4 Qxg4+ 25. Nxg4 Rd6 26. Be4 Bh4 27. Ne5 Re8 28. f5 Nc6 29. fxg6+ Nxg6 30. Bxg6+ Rxg6+ 31. Nxg6 Kxg6 32. Bd2 Re2 33. Rad1 a5 34. b3 cxb3 35. axb3 Ne7 36. Be1 Bg5 37. c4 Nf5 38. Rxf5 Kxf5 39. Bxa5 Kg4 40. Rd3 Be3+ 41. Kf1 Ra2 42. Rxe3 Rxa5 43. d5 b5 44. c5 b4 45. Re4+ Kf5 46. Rc4 Ke5 47. d6 Ke6 48. Kg2 Kd7 49. c6+ Kc8 50. d7+ Kc7 51. Rxb4 Rg5+ 52. Kh3 Rg8 53. Rc4 Rb8 54. b4 1-0

[Event "Winnipeg TNT June op"]
[Site "Winnipeg CAN"]
[Date "2009.06.23"]
[Round "4"]
[White "Ott, Richard"]
[Black "Kumaragamage, Shashika"]
[Result "1-0"]
[WhiteElo "1477"]
[BlackElo "1266"]
[PlyCount "53"]
[GameId "2160767910156559"]
[EventDate "2009.06.02"]
[EventType "swiss"]
[EventRounds "4"]
[EventCountry "CAN"]

1. d4 d5 2. c4 c6 3. Nf3 e6 4. Nc3 c5 5. e3 Nc6 6. cxd5 exd5 7. Bb5 a6 8. Bxc6+ bxc6 9. Ne5 f6 10. Qh5+ g6 11. Nxg6 Kd7 12. Nxf8+ Qxf8 13. b3 cxd4 14. Na4 Kc7 15. O-O d3 16. Qd1 Bf5 17. Bb2 Qg7 18. Qd2 Nh6 19. Qa5+ Kc8 20. Rac1 Ra7 21. Rxc6+ Rc7 22. Qxa6+ Kd7 23. Nc5+ Kd8 24. Bxf6+ Qxf6 25. Rxf6 Rxc5 26. Qd6+ Ke8 27. Qxc5 1-0

[Event "Winnipeg TNT June op"]
[Site "Winnipeg CAN"]
[Date "2009.06.23"]
[Round "4"]
[White "Rutter, Blair"]
[Black "Hemphill, Jim"]
[Result "0-1"]
[WhiteElo "1829"]
[BlackElo "1654"]
[PlyCount "110"]
[GameId "2160767910156560"]
[EventDate "2009.06.02"]
[EventType "swiss"]
[EventRounds "4"]
[EventCountry "CAN"]
[SourceTitle "EXT 2011"]
[Source "ChessBase"]
[SourceDate "2011.11.26"]
[SourceVersion "1"]
[SourceVersionDate "2011.11.26"]
[SourceQuality "1"]

1. c4 f5 2. g3 Nf6 3. Bg2 e6 4. d3 Be7 5. Nc3 O-O 6. Nf3 d6 7. O-O a5 8. a3 Nc6 9. h3 Bd7 10. Be3 Qe8 11. Qd2 a4 12. Qc2 Nd8 13. Nd4 f4 14. Bd2 Rc8 15. e4 e5 16. Nf5 Rf7 17. g4 Ne6 18. Ne2 c5 19. b4 axb3 20. Qxb3 Bc6 21. a4 Kh8 22. Rfb1 Bf8 23. f3 Qd8 24. Be1 g6 25. Nh4 Be7 26. Qd1 Nxg4 27. Nxg6+ hxg6 28. hxg4 Rh7 29. Kf1 Qf8 30. Bf2 Rh2 31. Bg1 Rh7 32. Ke1 Bh4+ 33. Kd2 Bg3 34. Kc3 Qf6 35. Nxg3 fxg3 36. Qe1 Nf4 37. Qd2 Rf8 38. Rf1 Nh3 39. Be3 Nf4 40. a5 Rff7 41. Bxf4 exf4+ 42. Kc2 Rh2 43. Rh1 Rfh7 44. Rag1 Ba4+ 45. Kb1 Qd4 46. Qb2 Qxb2+ 47. Kxb2 Rxg2+ 48. Ka3 Rxg1 49. Rxg1 Bc6 50. Kb3 Rh2 51. Kc3 Rf2 52. d4 Rxf3+ 53. Kd2 cxd4 54. a6 bxa6 55. Rb1 Bxe4 0-1

[Event "Winnipeg TNT June op"]
[Site "Winnipeg CAN"]
[Date "2009.06.23"]
[Round "4"]
[White "Swift, Ryne"]
[Black "Nikouline, Alexandre"]
[Result "0-1"]
[WhiteElo "1728"]
[BlackElo "2148"]
[PlyCount "82"]
[GameId "2160767910156561"]
[EventDate "2009.06.02"]
[EventType "swiss"]
[EventRounds "4"]
[EventCountry "CAN"]
[SourceTitle "EXT 2011"]
[Source "ChessBase"]
[SourceDate "2011.11.26"]
[SourceVersion "1"]
[SourceVersionDate "2011.11.26"]
[SourceQuality "1"]

1. e4 e5 2. Nf3 Nc6 3. d4 exd4 4. Nxd4 Nf6 5. Nc3 Bb4 6. Nxc6 bxc6 7. Bd3 d6 8. O-O O-O 9. Bd2 Ng4 10. Qf3 Qh4 11. Qg3 Qxg3 12. hxg3 f5 13. Bc4+ Kh8 14. exf5 Bxf5 15. Bb3 d5 16. Ba4 Rf6 17. Nxd5 Bxd2 18. Nxf6 Nxf6 19. Bxc6 Rb8 20. Rfd1 Bb4 21. c3 Bd6 22. b3 Ng4 23. Rd5 Rf8 24. f3 Ne3 25. Ra5 g6 26. Kf2 Ng4+ 27. Ke2 Ne5 28. Bb7 Re8 29. Kd2 Nd7 30. f4 Bc5 31. Re1 Rd8 32. Kc1 Bf2 33. Rf1 Be3+ 34. Kb2 Nc5 35. Bf3 Nd3+ 36. Ka1 Bd2 37. Ra4 Bxc3+ 38. Kb1 Nc5+ 39. Kc1 Nxa4 40. bxa4 Rb8 41. Kd1 Bd3 0-1

[Event "Winnipeg TNT March op"]
[Site "Winnipeg CAN"]
[Date "2009.03.03"]
[Round "1"]
[White "Atem, James"]
[Black "Evans, Brian"]
[Result "1-0"]
[WhiteElo "1793"]
[BlackElo "1552"]
[PlyCount "63"]
[GameId "2160767910239866"]
[EventDate "2009.03.03"]
[EventType "swiss"]
[EventRounds "5"]
[EventCountry "CAN"]
[SourceTitle "EXT 2011"]
[Source "ChessBase"]
[SourceDate "2011.11.26"]
[SourceVersion "1"]
[SourceVersionDate "2011.11.26"]
[SourceQuality "1"]

1. e4 c5 2. Bb5 a6 3. Bc4 e6 4. a3 b5 5. Ba2 Bb7 6. d3 d5 7. e5 d4 8. Nf3 Qc7 9. Bf4 Ne7 10. Nbd2 Ng6 11. Bg3 Nd7 12. Qe2 Be7 13. h4 h5 14. O-O Qd8 15. Ne4 Bxe4 16. Qxe4 Rc8 17. Bxe6 fxe6 18. Qxg6+ Kf8 19. Qxe6 Rh6 20. Qf5+ Kg8 21. Bf4 Rhc6 22. Bg5 Nf8 23. Bxe7 Qxe7 24. Qxh5 Rh6 25. Qg4 Qe6 26. Qe4 Ng6 27. g3 Re8 28. Rae1 Rh5 29. Ng5 Qb6 30. e6 Nf8 31. Qf3 Rh6 32. Qf7+ 1-0

[Event "Winnipeg TNT March op"]
[Site "Winnipeg CAN"]
[Date "2009.03.03"]
[Round "1"]
[White "Campbell, Gary"]
[Black "Khedkar, Jay S"]
[Result "0-1"]
[WhiteElo "1640"]
[BlackElo "1974"]
[PlyCount "56"]
[GameId "2160767910239867"]
[EventDate "2009.03.03"]
[EventType "swiss"]
[EventRounds "5"]
[EventCountry "CAN"]
[SourceTitle "EXT 2011"]
[Source "ChessBase"]
[SourceDate "2011.11.26"]
[SourceVersion "1"]
[SourceVersionDate "2011.11.26"]
[SourceQuality "1"]

1. d4 d5 2. c4 e6 3. Nc3 Nf6 4. Bg5 Nbd7 5. cxd5 exd5 6. e3 Be7 7. Qc2 O-O 8. Bd3 Re8 9. Nf3 c6 10. O-O Nf8 11. Rab1 Ne4 12. Bxe7 Qxe7 13. Bxe4 dxe4 14. Nd2 Bf5 15. b4 Ne6 16. d5 cxd5 17. Nxd5 Qg5 18. Rbc1 Rad8 19. Nc3 Bh3 20. Qxe4 Rxd2 21. Qf3 Bf5 22. Qxb7 Qg6 23. Qc6 Red8 24. e4 Bg4 25. Nd5 R2xd5 26. exd5 Bf3 27. g3 Nf4 28. Rfe1 Nh3+ 0-1

[Event "Winnipeg TNT March op"]
[Site "Winnipeg CAN"]
[Date "2009.03.03"]
[Round "1"]
[White "Gibbons, Lorne"]
[Black "Strehlow, Chris"]
[Result "1/2-1/2"]
[WhiteElo "1232"]
[BlackElo "1822"]
[PlyCount "40"]
[GameId "2160767740941012"]
[EventDate "2009.03.03"]
[EventType "swiss"]
[EventRounds "5"]
[EventCountry "CAN"]

1. d4 d5 2. c4 dxc4 3. Nc3 e6 4. e4 Bb4 5. Bxc4 Ne7 6. Nge2 b6 7. Bd2 Bb7 8. f3 O-O 9. O-O Nbc6 10. Be1 Qd7 11. d5 exd5 12. Nxd5 Bc5+ 13. Kh1 Rad8 14. b4 Nxd5 15. Bxd5 Be7 16. a3 Ba6 17. Rf2 Ne5 18. Nc3 Bc4 19. Rd2 Bd6 20. f4 c6 {Incomplete game score. Draw agreed on Black's 59th move.} 1/2-1/2

[Event "Winnipeg TNT March op"]
[Site "Winnipeg CAN"]
[Date "2009.03.03"]
[Round "1"]
[White "Greenberg, Harley"]
[Black "Wasserman, Leor"]
[Result "1-0"]
[WhiteElo "1768"]
[BlackElo "1584"]
[PlyCount "51"]
[GameId "2160767910239868"]
[EventDate "2009.03.03"]
[EventType "swiss"]
[EventRounds "5"]
[EventCountry "CAN"]
[SourceTitle "EXT 2011"]
[Source "ChessBase"]
[SourceDate "2011.11.26"]
[SourceVersion "1"]
[SourceVersionDate "2011.11.26"]
[SourceQuality "1"]

1. e4 c5 2. Nf3 d6 3. d4 cxd4 4. Nxd4 Nf6 5. Nc3 a6 6. h3 e6 7. g4 Nc6 8. Bg2 Bd7 9. g5 Ng8 10. Be3 Be7 11. h4 Qc7 12. Qd2 O-O-O 13. O-O-O Kb8 14. Ndb5 axb5 15. Nxb5 Qc8 16. Bb6 Ne5 17. Qa5 Nc6 18. Bc7+ Qxc7 19. Qxc7+ Ka8 20. Nxd6 Bxd6 21. Rxd6 Nge7 22. Rh3 Rc8 23. Ra3+ Na7 24. Qb6 Nec6 25. Rxc6 Rxc6 26. Qxa7# 1-0

[Event "Winnipeg TNT March op"]
[Site "Winnipeg CAN"]
[Date "2009.03.03"]
[Round "1"]
[White "Kernetsky, Myron"]
[Black "De Groot, Stephen"]
[Result "1-0"]
[WhiteElo "1957"]
[BlackElo "1620"]
[PlyCount "43"]
[GameId "2160767910239869"]
[EventDate "2009.03.03"]
[EventType "swiss"]
[EventRounds "5"]
[EventCountry "CAN"]
[SourceTitle "EXT 2011"]
[Source "ChessBase"]
[SourceDate "2011.11.26"]
[SourceVersion "1"]
[SourceVersionDate "2011.11.26"]
[SourceQuality "1"]

1. d4 d5 2. c4 Nf6 3. Nf3 e6 4. Nc3 b6 5. cxd5 exd5 6. Bf4 Bd6 7. Bg3 O-O 8. e3 Bb7 9. Bd3 c5 10. Bh4 Re8 11. O-O Nbd7 12. Nb5 Nf8 13. Nxd6 Qxd6 14. Bg3 Qe7 15. b3 Ng6 16. Rc1 Ne4 17. Rc2 h5 18. Ne5 Nxe5 19. Bxe5 f6 20. f3 fxe5 21. fxe4 dxe4 22. Bc4+ 1-0

[Event "Winnipeg TNT March op"]
[Site "Winnipeg CAN"]
[Date "2009.03.03"]
[Round "1"]
[White "Lauritson, Jim"]
[Black "Milord, Frank"]
[Result "1-0"]
[WhiteElo "1882"]
[BlackElo "1581"]
[PlyCount "43"]
[GameId "2160767910239870"]
[EventDate "2009.03.03"]
[EventType "swiss"]
[EventRounds "5"]
[EventCountry "CAN"]
[SourceTitle "EXT 2011"]
[Source "ChessBase"]
[SourceDate "2011.11.26"]
[SourceVersion "1"]
[SourceVersionDate "2011.11.26"]
[SourceQuality "1"]

1. d4 d5 2. c4 c6 3. Nc3 Nf6 4. Nf3 a6 5. e3 e6 6. c5 b6 7. cxb6 Nbd7 8. Bd3 Nxb6 9. O-O c5 10. b3 Bb7 11. Ne5 cxd4 12. exd4 Bd6 13. Bg5 O-O 14. f4 Be7 15. Bxf6 Bxf6 16. Rf3 Rc8 17. Bxh7+ Kxh7 18. Rh3+ Bh4 19. Qh5+ Kg8 20. Rxh4 Qxh4 21. Qxh4 Rxc3 22. Qe7 1-0